[Event "FBL 1"]
[Site "Deutschland"]
[Date "2009.12.06"]
[Round "4.4"]
[White "Winkelmann, Elena"]
[Black "Pfau, Beate"]
[Result "1/2-1/2"]
[WhiteElo "2119"]
[BlackElo "2131"]
[PlyCount "81"]
[EventDate "2009.11.07"]
[EventType "team"]
[EventCountry "GER"]
[WhiteTeam "Rodewischer Schachmiezen"]
[BlackTeam "SAV Torgelow"]

1. d4 Nf6 2. c4 g6 3. f3 Bg7 4. e4 d6 5. Nc3 Nbd7 6. Be3 c6 7. Nge2 Qa5 8. Nc1
e5 9. d5 c5 10. Qd2 h6 11. a3 a6 12. Rb1 Nh5 13. Bd3 Nf4 14. O-O Qd8 15. Bc2
Qg5 16. Kh1 Qh5 17. Ba4 O-O 18. Bxd7 Bxd7 19. b4 cxb4 20. axb4 g5 21. Nd3 Kh7
22. c5 Rg8 23. g3 Nxd3 24. Qxd3 Qg6 25. b5 dxc5 26. bxa6 Rxa6 27. Rxb7 Bh3 28.
Rfb1 Rc8 29. g4 c4 30. Qe2 h5 31. R7b6 Rxb6 32. Rxb6 f6 33. Rb7 hxg4 34. fxg4
Ra8 35. Rb1 Ra3 36. Bd2 Bf8 37. Qf3 Kg8 38. Rb8 Ra1+ 39. Nb1 Qh7 40. d6 Qa7 41.
Rxf8+ 1/2-1/2

[Event "FBL 1"]
[Site "Deutschland"]
[Date "2009.12.06"]
[Round "4.5"]
[White "Timme, Karin"]
[Black "Kubikova, Alena"]
[Result "1-0"]
[WhiteElo "2093"]
[BlackElo "2123"]
[PlyCount "111"]
[EventDate "2009.11.07"]
[EventType "team"]
[EventCountry "GER"]
[WhiteTeam "SAV Torgelow"]
[BlackTeam "Rodewischer Schachmiezen"]

1. d4 Nf6 2. c4 c5 3. d5 e6 4. Nc3 exd5 5. cxd5 d6 6. Nf3 g6 7. e4 Nbd7 8. Bd3
a6 9. a4 Bg7 10. O-O O-O 11. Bf4 Qc7 12. Nd2 Nh5 13. Be3 Ne5 14. Be2 Nf6 15. h3
Re8 16. Qc2 b6 17. f4 Ned7 18. Rae1 Bb7 19. Bd3 Rab8 20. Bf2 Nh5 21. Bh4 Bh6
22. Ne2 Bg7 23. g4 Nhf6 24. f5 Rf8 25. Nf4 Ne5 26. g5 Nfd7 27. f6 Bh8 28. Bg3
Bc8 29. h4 h5 30. Be2 b5 31. axb5 axb5 32. Qd1 Nb6 33. Nxh5 Na4 34. Bxe5 dxe5
35. Ng3 Nxb2 36. Qb3 c4 37. Qxb2 c3 38. Qc2 Qb6+ 39. Kg2 cxd2 40. Qxd2 b4 41.
h5 Ra8 42. hxg6 fxg6 43. Bc4 Ba6 44. Bxa6 Rxa6 45. Qb2 Qd6 46. Rb1 Ra4 47. Qc2
Rfa8 48. Qc6 Qxc6 49. dxc6 Ra2+ 50. Rf2 R2a6 51. Rc2 Rb6 52. c7 Rc8 53. Rd1 b3
54. Rd8+ Kf7 55. Rxc8 bxc2 56. Rf8+ 1-0

[Event "FBL 1"]
[Site "Deutschland"]
[Date "2009.12.06"]
[Round "4.6"]
[White "Schulz, Anja"]
[Black "Stemmler, Lysan"]
[Result "1-0"]
[WhiteElo "1996"]
[BlackElo "1835"]
[PlyCount "61"]
[EventDate "2009.11.07"]
[EventType "team"]
[EventCountry "GER"]
[WhiteTeam "Rodewischer Schachmiezen"]
[BlackTeam "SAV Torgelow"]

1. e4 d6 2. d4 Nf6 3. Nc3 g6 4. Be3 c6 5. h3 Bg7 6. Qd2 b5 7. Bd3 O-O 8. f4 b4
9. Nce2 a5 10. g4 Nbd7 11. Ng3 c5 12. dxc5 Nxc5 13. Nf3 Bb7 14. Bxc5 dxc5 15.
O-O Qc7 16. Ne5 Rad8 17. Qe2 Nd7 18. Nc4 Bd4+ 19. Kh2 Nb8 20. Rac1 Nc6 21. e5
f6 22. e6 f5 23. gxf5 gxf5 24. Nxf5 Rf6 25. Qg4+ Rg6 26. Nh6+ Kg7 27. Bxg6 hxg6
28. Nf5+ Kf6 29. Rce1 Ne5 30. fxe5+ Bxe5+ 31. Ng3+ 1-0

[Event "FBL 1"]
[Site "Deutschland"]
[Date "2009.12.06"]
[Round "4.1"]
[White "Kononenko, Tatiana"]
[Black "Paehtz, Elisabeth"]
[Result "0-1"]
[WhiteElo "2377"]
[BlackElo "2482"]
[PlyCount "82"]
[EventDate "2009.11.07"]
[EventType "team"]
[EventCountry "GER"]
[WhiteTeam "USV Halle"]
[BlackTeam "SC Bad Königshofen 1957"]

1. c4 Nf6 2. d4 c6 3. Nc3 d5 4. cxd5 cxd5 5. Bf4 Nc6 6. e3 a6 7. Bd3 Bg4 8. f3
Bh5 9. Nge2 e6 10. g4 Bg6 11. Kf2 Bd6 12. Bg3 Ng8 13. Nf4 Nge7 14. Nxg6 hxg6
15. g5 e5 16. dxe5 Bxe5 17. Bxe5 Nxe5 18. f4 N5c6 19. Ne2 Qd7 20. h4 d4 21. e4
O-O-O 22. Qa4 f6 23. b4 Kb8 24. b5 Na7 25. Rab1 fxg5 26. hxg5 axb5 27. Qa5 Nec6
28. Qd2 Rh3 29. Rxh3 Qxh3 30. Rg1 Nb4 31. Rg3 Nxd3+ 32. Qxd3 Qe6 33. a3 Nc6 34.
Rg1 b4 35. axb4 Nxb4 36. Qb5 Qxe4 37. Qxb4 Qe3+ 38. Ke1 d3 39. Qd2 Qb6 40. Rf1
dxe2 41. Qxe2 Qb4+ 0-1

[Event "FBL 1"]
[Site "Deutschland"]
[Date "2009.12.06"]
[Round "4.2"]
[White "Ovod, Evgenija"]
[Black "Madl, Ildiko"]
[Result "1/2-1/2"]
[WhiteElo "2419"]
[BlackElo "2390"]
[PlyCount "128"]
[EventDate "2009.11.07"]
[EventType "team"]
[EventCountry "GER"]
[WhiteTeam "SC Bad Königshofen 1957"]
[BlackTeam "USV Halle"]

1. d4 d5 2. c4 dxc4 3. e4 b5 4. b3 e5 5. d5 Nf6 6. Qc2 c6 7. bxc4 bxc4 8. Bxc4
cxd5 9. exd5 Bd6 10. Bg5 Nbd7 11. Ne2 h6 12. Bxf6 Nxf6 13. Nbc3 O-O 14. O-O Bg4
15. f3 Qb6+ 16. Kh1 Bd7 17. Qd3 Rab8 18. a4 a5 19. Bb5 Rfd8 20. Rfd1 Bb4 21.
Bxd7 Rxd7 22. Qf5 Qe3 23. Rd3 Qg5 24. Qxg5 hxg5 25. Ne4 Nxd5 26. Nxg5 Nb6 27.
Rxd7 Nxd7 28. Ne4 Nb6 29. g4 Rc8 30. Kg2 Rc2 31. Kf1 Nd5 32. h4 f5 33. gxf5
Ne3+ 34. Kf2 Nxf5 35. Rc1 Ra2 36. h5 Nd4 37. N4g3 Kh7 38. Rc8 Be7 39. Ke3 Bg5+
40. f4 Nxe2 41. Nxe2 exf4+ 42. Kf3 Rxa4 43. Nc3 Rd4 44. Ne4 Bh6 45. Ra8 Rd3+
46. Kg4 Rd4 47. Nc5 f3+ 48. Kxf3 Rf4+ 49. Kg2 Rf5 50. Rxa5 Rxh5 51. Nb7 Rh4 52.
Nd6 Rg4+ 53. Kh3 Rb4 54. Nf5 Bf4 55. Rd5 Kg6 56. Rd4 Rb3+ 57. Kg4 Be5 58. Ra4
Bf6 59. Ng3 Rb1 60. Ne4 Rg1+ 61. Kf3 Be5 62. Ra6+ Kf5 63. Nd6+ Bxd6 64. Rxd6 g5
1/2-1/2

[Event "FBL 1"]
[Site "Deutschland"]
[Date "2009.12.06"]
[Round "4.3"]
[White "Melamed, Tatiana"]
[Black "Nemcova, Katrin"]
[Result "0-1"]
[WhiteElo "2312"]
[BlackElo "2258"]
[PlyCount "100"]
[EventDate "2009.11.07"]
[EventType "team"]
[EventCountry "GER"]
[WhiteTeam "USV Halle"]
[BlackTeam "SC Bad Königshofen 1957"]

1. e4 e5 2. Nf3 Nc6 3. Bb5 a6 4. Ba4 Nf6 5. O-O Be7 6. Re1 b5 7. Bb3 d6 8. c3
O-O 9. h3 Nb8 10. d4 Nbd7 11. Nbd2 Bb7 12. Bc2 Re8 13. Nf1 Bf8 14. Ng3 g6 15.
a4 c5 16. d5 c4 17. Bg5 h6 18. Be3 Nc5 19. Qd2 h5 20. Bg5 Be7 21. Ra3 Nfd7 22.
Be3 Qc7 23. Rea1 Nb6 24. axb5 axb5 25. Qd1 Nbd7 26. Nd2 Bf8 27. R1a2 Rxa3 28.
Rxa3 Ra8 29. Qa1 Rxa3 30. Qxa3 Kh7 31. Qb4 Qb6 32. b3 cxb3 33. Nxb3 Bh6 34. Nf1
Bxe3 35. Nxe3 Nxb3 36. Bxb3 Ba6 37. Bd1 Qc5 38. Nc2 Nb6 39. Be2 Kg7 40. Qa5 Na4
41. Qxa6 Nxc3 42. Bd3 Nd1 43. Qxb5 Qxf2+ 44. Kh1 Qg3 45. Kg1 Nf2 46. Be2 Nxh3+
47. Kh1 Nf2+ 48. Kg1 h4 49. Kf1 Nxe4 50. Qb6 h3 0-1

[Event "FBL 1"]
[Site "Deutschland"]
[Date "2009.12.06"]
[Round "4.4"]
[White "Schoene, Maria"]
[Black "Belic, Jordanka"]
[Result "1-0"]
[WhiteElo "2265"]
[BlackElo "2313"]
[PlyCount "41"]
[EventDate "2009.11.07"]
[EventType "team"]
[EventCountry "GER"]
[WhiteTeam "SC Bad Königshofen 1957"]
[BlackTeam "USV Halle"]

1. e4 Nc6 2. Nf3 d6 3. d4 Bg4 4. Be3 Nf6 5. Nc3 e5 6. Bb5 exd4 7. Qxd4 Nd7 8.
Bxc6 bxc6 9. Qa4 Nb8 10. O-O-O Be7 11. Nd5 O-O 12. Nxe7+ Qxe7 13. e5 Bxf3 14.
gxf3 dxe5 15. Rhg1 Qe6 16. Qh4 Re8 17. Rxg7+ Kxg7 18. Rg1+ Kh8 19. Bh6 Nd7 20.
Bg7+ Kg8 21. Bf6+ 1-0

[Event "FBL 1"]
[Site "Deutschland"]
[Date "2009.12.06"]
[Round "4.5"]
[White "Sharevich, Anna"]
[Black "Blazkova, Petra"]
[Result "1/2-1/2"]
[WhiteElo "2252"]
[BlackElo "2178"]
[PlyCount "123"]
[EventDate "2009.11.07"]
[EventType "team"]
[EventCountry "GER"]
[WhiteTeam "USV Halle"]
[BlackTeam "SC Bad Königshofen 1957"]

1. d4 e6 2. c4 Nf6 3. g3 Bb4+ 4. Bd2 Qe7 5. Bg2 Nc6 6. Nf3 Bxd2+ 7. Nbxd2 d6 8.
e4 a5 9. O-O e5 10. d5 Nb8 11. Ne1 h5 12. h3 h4 13. g4 Nfd7 14. Nd3 b6 15. b3
Na6 16. a3 Nac5 17. Nb2 Nf8 18. b4 Ncd7 19. Nd3 Ng6 20. Qa4 O-O 21. Qc2 Nf4 22.
Nxf4 exf4 23. Nf3 Re8 24. Nd4 Ne5 25. f3 Ba6 26. Nc6 Qf6 27. Nxe5 Qxe5 28. Rfd1
axb4 29. axb4 Bb7 30. Qc1 f6 31. c5 bxc5 32. bxc5 Rxa1 33. Qxa1 Qxa1 34. Rxa1
dxc5 35. Ra7 Rb8 36. Bf1 Kf8 37. Ra5 Ra8 38. Rb5 Bc8 39. Bc4 Ke7 40. Rxc5 Kd8
41. Kf2 Rb8 42. Bb5 Rb6 43. Ke1 Bd7 44. Bd3 Rb2 45. Bc2 Ra2 46. Kd2 Ra1 47. Bd1
Ba4 48. Bxa4 Rxa4 49. Rc6 Ra2+ 50. Rc2 Ra1 51. Rc1 Ra2+ 52. Rc2 Ra1 53. g5 Rh1
54. gxf6 gxf6 55. Rc6 Rxh3 56. Ke2 Rh2+ 57. Kf1 Rh3 58. Kf2 Rh2+ 59. Kg1 Rh3
60. Kf2 Rh2+ 61. Kg1 Rh3 62. Kf2 1/2-1/2

[Event "FBL 1"]
[Site "Deutschland"]
[Date "2009.12.06"]
[Round "4.6"]
[White "Gromova, Iulia"]
[Black "Straub, Natalia"]
[Result "0-1"]
[WhiteElo "2238"]
[BlackElo "2225"]
[PlyCount "114"]
[EventDate "2009.11.07"]
[EventType "team"]
[EventCountry "GER"]
[WhiteTeam "SC Bad Königshofen 1957"]
[BlackTeam "USV Halle"]

1. d4 Nf6 2. c4 g6 3. Nc3 Bg7 4. e4 d6 5. Be3 O-O 6. Nge2 a6 7. f3 Nbd7 8. Ng3
c5 9. d5 Qa5 10. Be2 b5 11. O-O bxc4 12. f4 Ne8 13. Qc2 Nc7 14. a4 Rb8 15. Ra3
Qb6 16. Rb1 a5 17. Bxc4 Ba6 18. Bxa6 Qxa6 19. Nf1 Nb6 20. b3 Qc8 21. Bd2 Na6
22. Nb5 Nb4 23. Qc1 c4 24. Ne3 cxb3 25. Qxc8 Rfxc8 26. Rbxb3 Nc4 27. Nxc4 Rxc4
28. Na7 Rxe4 29. Nc6 Nxc6 30. dxc6 Rc8 31. Bc3 Rc4 32. Bxg7 Kxg7 33. Rb7 Kf6
34. Re3 e6 35. g4 R8xc6 36. g5+ Kg7 37. Rxe6 Rxf4 38. h3 h6 39. gxh6+ Kxh6 40.
Ree7 Kg7 41. Ra7 Rf5 42. Red7 Rc3 43. Kg2 Rc4 44. Rxd6 Rxa4 45. Rdd7 Raf4 46.
Kg3 Rf3+ 47. Kg2 Rf2+ 48. Kg1 Ra2 49. Rdc7 g5 50. Rd7 Kg6 51. Rd6+ f6 52. Raa6
Ra3 53. Kg2 Rff3 54. Rdc6 Rg3+ 55. Kf2 Raf3+ 56. Ke2 Rxh3 57. Rxa5 Ra3 0-1

[Event "FBL 1"]
[Site "Deutschland"]
[Date "2009.12.06"]
[Round "4.2"]
[White "Markgraf, Claudia"]
[Black "Haecker, Sonja"]
[Result "0-1"]
[WhiteElo "2040"]
[BlackElo "2064"]
[PlyCount "110"]
[EventDate "2009.11.07"]
[EventType "team"]
[EventCountry "GER"]
[WhiteTeam "SK Lehrte"]
[BlackTeam "SV Wolfbusch"]

1. e4 c5 2. Nc3 Nc6 3. g3 g6 4. Bg2 Bg7 5. d3 d6 6. Be3 e5 7. Nge2 Nge7 8. O-O
O-O 9. Kh1 Nd4 10. Qd2 Be6 11. Ng1 Qd7 12. a4 d5 13. exd5 Nxd5 14. Ne4 Rac8 15.
Ra3 Rfd8 16. Rc1 b6 17. Ne2 Nxe2 18. Qxe2 f6 19. a5 Nb4 20. Nc3 b5 21. Ne4 Bd5
22. Kg1 Na6 23. Raa1 Qc6 24. Qf1 Qc7 25. Nc3 Bxg2 26. Qxg2 Qd7 27. Qf3 f5 28.
Bg5 Re8 29. Nd5 Qe6 30. Nc3 Rb8 31. Re1 h6 32. Bd2 Qd6 33. Re2 Nb4 34. Rc1 a6
35. Nd1 Nc6 36. c4 Nd4 37. Qe3 Nxe2+ 38. Qxe2 Red8 39. Be3 b4 40. Qf3 Rbc8 41.
b3 Qxd3 42. Qb7 Qxb3 43. Kg2 Kh7 44. Qxa6 Ra8 45. Qb7 Rxa5 46. Qc7 Raa8 47. Qb7
Rab8 48. Qc7 Rbc8 49. Qb7 Qa4 50. f3 Qc6 51. Qe7 Rd7 52. Qh4 Ra8 53. Nf2 Ra3
54. Re1 b3 55. g4 b2 0-1

[Event "FBL 1"]
[Site "Deutschland"]
[Date "2009.12.06"]
[Round "4.3"]
[White "Jussupow, Ekaterina"]
[Black "Zschischang, Marine"]
[Result "1-0"]
[WhiteElo "2153"]
[BlackElo "2089"]
[PlyCount "201"]
[EventDate "2009.11.07"]
[EventType "team"]
[EventCountry "GER"]
[WhiteTeam "SV Wolfbusch"]
[BlackTeam "SK Lehrte"]

1. e4 e6 2. d4 d5 3. Nc3 Nf6 4. e5 Nfd7 5. f4 c5 6. Nf3 a6 7. Be3 Nc6 8. Qd2 b5
9. dxc5 Bxc5 10. Bxc5 Nxc5 11. Nd4 Qb6 12. Nxc6 Qxc6 13. Bd3 Bb7 14. Ne2 Nd7
15. Qe3 Qc5 16. Nd4 Qb4+ 17. Ke2 Qxb2 18. a4 b4 19. a5 Qc3 20. Rhb1 Bc8 21. Ra4
Rb8 22. Rb3 Qc7 23. Raxb4 Rxb4 24. Rxb4 Qxa5 25. Rb3 Qc7 26. Ra3 Qb6 27. Rc3
O-O 28. Nc6 Qxe3+ 29. Kxe3 Nb6 30. Ne7+ Kh8 31. Rc6 Re8 32. Rxb6 Rxe7 33. Bxa6
Re8 34. Bb5 Rg8 35. Rb8 g6 36. Kd4 h6 37. Kc5 g5 38. g3 gxf4 39. gxf4 Rg2 40.
Rxc8+ Kg7 41. Kd4 Rxh2 42. Rc7 Kf8 43. Ke3 Rg2 44. Be2 Rh2 45. Bd3 h5 46. Kf3
Rh3+ 47. Kg2 Re3 48. Ra7 h4 49. Ra1 Rg3+ 50. Kf2 Rg4 51. Kf3 Rg3+ 52. Ke2 Rg2+
53. Ke3 Rg3+ 54. Kd4 Rg4 55. Rf1 Ke7 56. Ke3 f6 57. Be2 Rg2 58. exf6+ Kxf6 59.
Rh1 Rg3+ 60. Kf2 e5 61. Rxh4 Rc3 62. fxe5+ Kxe5 63. Bd3 Rc8 64. Ke3 Rg8 65.
Rh5+ Kd6 66. Be2 Re8+ 67. Kd3 Rf8 68. Bg4 Rf4 69. Bc8 Rf3+ 70. Kd4 Rf4+ 71. Ke3
Re4+ 72. Kd3 Re7 73. Bg4 Rf7 74. Rf5 Ra7 75. Bf3 Ra3+ 76. Kd2 Ke6 77. Bg4 Kd6
78. Rf3 Ra8 79. Rd3 Ra4 80. Bf3 d4 81. Rb3 Kc5 82. Rb8 Ra6 83. Rc8+ Kd6 84. Ra8
Rb6 85. Ra5 Rb4 86. Rd5+ Ke6 87. Kd3 Ra4 88. Rxd4 Ra3+ 89. c3 Ra7 90. Kc4 Rg7
91. Kc5 Rg3 92. Rd3 Rg5+ 93. Kc6 Ke7 94. c4 Ke8 95. Rd5 Rg3 96. Bh5+ Ke7 97. c5
Rb3 98. Re5+ Kf6 99. Re1 Rh3 100. Be8 Rc3 101. Kd6 1-0

[Event "FBL 1"]
[Site "Deutschland"]
[Date "2009.12.06"]
[Round "4.4"]
[White "Laake, Jasmin"]
[Black "Erben, Larissa"]
[Result "0-1"]
[WhiteElo "2072"]
[BlackElo "2023"]
[PlyCount "80"]
[EventDate "2009.11.07"]
[EventType "team"]
[EventCountry "GER"]
[WhiteTeam "SK Lehrte"]
[BlackTeam "SV Wolfbusch"]

1. e4 c5 2. Nf3 e6 3. d4 cxd4 4. Nxd4 Nc6 5. Be3 Nf6 6. Nc3 Qc7 7. Bd3 a6 8.
O-O Ne5 9. h3 Bc5 10. f4 d6 11. Re1 Ng6 12. Qd2 Nxf4 13. Kh1 Ng6 14. Nce2 O-O
15. Bg5 Nd7 16. h4 h6 17. h5 Nge5 18. Bh4 b5 19. Rg1 Ng4 20. c3 Ndf6 21. Bxf6
Nxf6 22. Raf1 Ng4 23. Ng3 Qe7 24. Nf3 Be3 25. Qe2 Bb7 26. Bb1 d5 27. e5 f5 28.
exf6 Rxf6 29. Qd3 Kf8 30. Nh4 Ke8 31. Rxf6 Nf2+ 32. Kh2 Nxd3 33. Rgf1 gxf6 34.
Bxd3 Bg5 35. Ng6 Qd6 36. Re1 Kd7 37. Kh3 Rg8 38. Rf1 Qc5 39. Rf3 Kc7 40. Rf1
Bc8 0-1

[Event "FBL 1"]
[Site "Deutschland"]
[Date "2009.12.06"]
[Round "4.5"]
[White "Grossmann, Susan"]
[Black "Schulze, Dorothee"]
[Result "0-1"]
[WhiteElo "2015"]
[BlackElo "1980"]
[PlyCount "100"]
[EventDate "2009.11.07"]
[EventType "team"]
[EventCountry "GER"]
[WhiteTeam "SV Wolfbusch"]
[BlackTeam "SK Lehrte"]

1. c4 c5 2. Nc3 Nc6 3. e4 g6 4. g3 Bg7 5. Bg2 e6 6. Nge2 Nge7 7. Rb1 O-O 8. a3
Rb8 9. b4 d6 10. O-O a6 11. d3 Nd4 12. bxc5 dxc5 13. Na4 Qc7 14. Nxd4 Bxd4 15.
Nb6 Rd8 16. Bg5 Rd6 17. Qb3 Nc6 18. Bf4 Be5 19. Bxe5 Nxe5 20. Rfd1 Bd7 21. f4
Ng4 22. Bf3 Nh6 23. a4 Bc6 24. a5 Nf5 25. Bg2 Ne3 26. Re1 Nxg2 27. Kxg2 Rbd8
28. Re3 Rxd3 29. Rxd3 Bxe4+ 30. Rf3 Qc6 31. Rbf1 Rd3 32. Qb2 Rxf3 33. Rxf3
Bxf3+ 34. Kg1 Qe4 35. Qd2 Qd4+ 36. Qxd4 cxd4 37. Kf2 Bc6 38. Ke2 f6 39. Kd3 e5
40. c5 Kf7 41. Nc8 Ke6 42. fxe5 fxe5 43. Kc4 Bb5+ 44. Kb4 d3 45. Kc3 e4 46. Nd6
Bc6 47. h4 Kd5 48. g4 Ke5 49. h5 gxh5 50. gxh5 Kf6 0-1

[Event "FBL 1"]
[Site "Deutschland"]
[Date "2010.01.17"]
[Round "5.1"]
[White "Hoolt, Sarah"]
[Black "Michna, Marta"]
[Result "1/2-1/2"]
[WhiteElo "2235"]
[BlackElo "2366"]
[PlyCount "69"]
[EventDate "2009.11.07"]
[EventType "team"]
[EventCountry "GER"]
[WhiteTeam "SK Lehrte"]
[BlackTeam "Hamburger SK von 1830"]

1. e4 e6 2. d4 d5 3. Nc3 Bb4 4. e5 c5 5. a3 Bxc3+ 6. bxc3 Nc6 7. Qg4 g6 8. a4
Qc7 9. Bb5 f5 10. Qg5 Kf7 11. Ne2 h6 12. Qh4 Bd7 13. Ba3 cxd4 14. cxd4 Qd8 15.
Qg3 Rc8 16. h4 Nge7 17. c3 Na5 18. Nf4 Rg8 19. Bb4 Nc4 20. Bxc4 Rxc4 21. Bxe7
Qxe7 22. a5 Bb5 23. O-O g5 24. hxg5 Qxg5 25. Qf3 Qg4 26. Qe3 h5 27. Rfb1 Ba6
28. Rb3 h4 29. Rab1 Rc7 30. Kh2 Rg7 31. Qf3 Qxf3 32. gxf3 Rg8 33. Kh3 Rgc8 34.
Rc1 Rg8 35. Rcb1 1/2-1/2

[Event "FBL 1"]
[Site "Deutschland"]
[Date "2010.01.17"]
[Round "5.2"]
[White "Hegeler, Anja"]
[Black "Zschischang, Marine"]
[Result "1-0"]
[WhiteElo "2181"]
[BlackElo "2089"]
[PlyCount "67"]
[EventDate "2009.11.07"]
[EventType "team"]
[EventCountry "GER"]
[WhiteTeam "Hamburger SK von 1830"]
[BlackTeam "SK Lehrte"]

1. e4 e6 2. d4 d5 3. Nc3 Nf6 4. e5 Nfd7 5. f4 c5 6. Nf3 Nc6 7. Be3 a6 8. Qd2 b5
9. dxc5 Bxc5 10. Ne2 Qb6 11. Ned4 f6 12. c3 fxe5 13. fxe5 Ndxe5 14. Nxe5 Nxe5
15. b4 Bxd4 16. Bxd4 Qd6 17. Qg5 Nf7 18. Qxg7 e5 19. Bc5 Qg6 20. Qxg6 hxg6 21.
a4 bxa4 22. Rxa4 Bb7 23. b5 Rc8 24. Bb4 axb5 25. Bxb5+ Bc6 26. Bxc6+ Rxc6 27.
O-O d4 28. Ra8+ Nd8 29. cxd4 Rc4 30. Bd6 exd4 31. Ra7 Nc6 32. Rc7 d3 33. Ra1
Nd8 34. Rxc4 1-0

[Event "FBL 1"]
[Site "Deutschland"]
[Date "2010.01.17"]
[Round "5.3"]
[White "Schulze, Dorothee"]
[Black "Helm, Leonie"]
[Result "1/2-1/2"]
[WhiteElo "1980"]
[BlackElo "2164"]
[PlyCount "36"]
[EventDate "2009.11.07"]
[EventType "team"]
[EventCountry "GER"]
[WhiteTeam "SK Lehrte"]
[BlackTeam "Hamburger SK von 1830"]

1. e4 c5 2. Nf3 Nc6 3. d4 cxd4 4. Nxd4 Qc7 5. Nc3 e6 6. Be2 a6 7. O-O Nf6 8. a3
Be7 9. Be3 O-O 10. f4 d6 11. Bf3 Rb8 12. Nb3 b5 13. Qe2 Bb7 14. Rad1 b4 15.
axb4 Nxb4 16. Rd4 d5 17. exd5 Nfxd5 18. Nxd5 Bxd5 1/2-1/2

[Event "FBL 1"]
[Site "Deutschland"]
[Date "2010.01.17"]
[Round "5.4"]
[White "Zickelbein, Eva Maria"]
[Black "Saal, Hilkka"]
[Result "1-0"]
[WhiteElo "2058"]
[BlackElo "1695"]
[PlyCount "105"]
[EventDate "2009.11.07"]
[EventType "team"]
[EventCountry "GER"]
[WhiteTeam "Hamburger SK von 1830"]
[BlackTeam "SK Lehrte"]

1. e4 c5 2. Nc3 Nc6 3. Bb5 g6 4. Bxc6 dxc6 5. f4 Bg7 6. Nf3 Nf6 7. d3 Qc7 8.
O-O Bg4 9. Qe1 Bxf3 10. Rxf3 O-O-O 11. Be3 g5 12. fxg5 Ng4 13. Bf4 Ne5 14. Rf1
h6 15. gxh6 Bxh6 16. Qg3 f6 17. Qh3+ Qd7 18. Qxd7+ Nxd7 19. Ne2 Rdg8 20. c3 Rg4
21. h3 Rg6 22. Bxh6 Rhxh6 23. Nf4 Rg8 24. Rf3 e5 25. Ne2 Rhg6 26. g3 Rh8 27.
Kg2 Rgh6 28. g4 Nf8 29. Rh1 Ng6 30. Kg3 Kd7 31. Rxf6 Ke7 32. g5 Rg8 33. h4 Rh5
34. Kg4 Rhh8 35. h5 Nf8 36. Rf5 Kd6 37. d4 cxd4 38. cxd4 exd4 39. Nxd4 Ng6 40.
Nf3 Ne7 41. Rd1+ Kc7 42. Rf7 Re8 43. Ne5 Kb6 44. Rd7 Nc8 45. Rxb7+ Kc5 46. b4+
Kd4 47. Nxc6+ Kxe4 48. Rbd7 a6 49. Rf1 Ke3 50. h6 Re4+ 51. Kh5 Rc4 52. Ne5 Rxb4
53. Re1+ 1-0

[Event "FBL 1"]
[Site "Deutschland"]
[Date "2010.01.17"]
[Round "5.5"]
[White "Michalek, Barbara"]
[Black "Berglitz, Regina"]
[Result "1/2-1/2"]
[WhiteElo "1963"]
[BlackElo "2066"]
[PlyCount "76"]
[EventDate "2009.11.07"]
[EventType "team"]
[EventCountry "GER"]
[WhiteTeam "SK Lehrte"]
[BlackTeam "Hamburger SK von 1830"]

1. d4 d5 2. c4 e6 3. Nc3 Be7 4. Nf3 Nf6 5. e3 O-O 6. cxd5 exd5 7. Be2 c6 8. O-O
Bg4 9. h3 Bh5 10. g4 Bg6 11. Ne5 Nbd7 12. Nxg6 fxg6 13. f4 Qc7 14. Bf3 Nb6 15.
g5 Ne8 16. Qc2 Kh8 17. h4 Bb4 18. Qh2 Kg8 19. Ne2 Nc4 20. Ng3 Ncd6 21. h5 Nf5
22. hxg6 hxg6 23. Nxf5 gxf5 24. Kf2 Kf7 25. Qh7 Ke7 26. Bh5 Rd8 27. Bg6 Qd7 28.
a3 Ba5 29. b4 Bb6 30. a4 Qe6 31. Bxe8 Rdxe8 32. Qxg7+ Qf7 33. Qxf7+ Kxf7 34.
Rh1 Kg7 35. Bd2 Rh8 36. Kg3 Bc7 37. Rac1 Bd6 38. a5 a6 1/2-1/2

[Event "FBL 1"]
[Site "Deutschland"]
[Date "2010.01.17"]
[Round "5.1"]
[White "Cmilyte, Viktorija"]
[Black "Mader, Manuela"]
[Result "1/2-1/2"]
[WhiteElo "2476"]
[BlackElo "2185"]
[PlyCount "86"]
[EventDate "2009.11.07"]
[EventType "team"]
[EventCountry "GER"]
[WhiteTeam "OSG - SG Baden-Baden 1922"]
[BlackTeam "Karlsruher SF 1853"]

1. Nf3 Nf6 2. c4 g6 3. g3 Bg7 4. Bg2 O-O 5. O-O d6 6. d4 a6 7. Nc3 Nc6 8. h3
Bd7 9. e4 e5 10. Be3 exd4 11. Nxd4 Re8 12. Re1 Qc8 13. Nxc6 bxc6 14. Kh2 Rb8
15. Qd2 Re5 16. Bg5 h6 17. f4 Re8 18. Bxf6 Bxf6 19. Rad1 Bg7 20. e5 Be6 21.
Bxc6 Rd8 22. Qg2 dxe5 23. Rxd8+ Qxd8 24. fxe5 Bxc4 25. b3 Be6 26. Nd5 Kh7 27.
Nf4 Qd4 28. Qe2 Rd8 29. h4 Qc3 30. Bg2 Rd2 31. Qe3 Qxe3 32. Rxe3 Rxa2 33. Nxe6
fxe6 34. Kh3 Ra5 35. Bf1 Rxe5 36. Rxe5 Bxe5 37. Bxa6 Kg7 38. g4 Kf6 39. Bc4 Bd6
40. Kg2 Ke5 41. Kf3 Be7 42. h5 gxh5 43. gxh5 Bg5 1/2-1/2

[Event "FBL 1"]
[Site "Deutschland"]
[Date "2010.01.17"]
[Round "5.2"]
[White "Jelica, Mara"]
[Black "Zatonskih, Anna"]
[Result "1-0"]
[WhiteElo "2231"]
[BlackElo "2466"]
[PlyCount "69"]
[EventDate "2009.11.07"]
[EventType "team"]
[EventCountry "GER"]
[WhiteTeam "Karlsruher SF 1853"]
[BlackTeam "OSG - SG Baden-Baden 1922"]

1. e4 c6 2. d4 d5 3. Nc3 dxe4 4. Nxe4 Bf5 5. Ng3 Bg6 6. h4 h6 7. Nf3 Nd7 8. h5
Bh7 9. Bd3 Bxd3 10. Qxd3 e6 11. Bd2 Ngf6 12. Qe2 Be7 13. O-O-O O-O 14. Kb1 c5
15. dxc5 Bxc5 16. Ne4 Nxe4 17. Qxe4 Nf6 18. Qxb7 Rb8 19. Qc6 Qe7 20. Bf4 Rbc8
21. Qa4 Nd5 22. Bg3 Qb7 23. Rd3 Nb4 24. Rd7 Qb6 25. a3 Nd5 26. Be5 f6 27. Qg4
Rf7 28. Rxd5 fxe5 29. Rd3 Rf4 30. Qg6 e4 31. Rd7 Bf8 32. Ng5 hxg5 33. h6 Rc7
34. hxg7 Rxd7 35. Rh8# 1-0

[Event "FBL 1"]
[Site "Deutschland"]
[Date "2010.01.17"]
[Round "5.3"]
[White "Sedina, Elena"]
[Black "Kiefhaber, Veronika"]
[Result "0-1"]
[WhiteElo "2335"]
[BlackElo "2244"]
[PlyCount "58"]
[EventDate "2009.11.07"]
[EventType "team"]
[EventCountry "GER"]
[WhiteTeam "OSG - SG Baden-Baden 1922"]
[BlackTeam "Karlsruher SF 1853"]

1. e4 c5 2. Nf3 g6 3. d4 cxd4 4. Qxd4 Nf6 5. Nc3 Nc6 6. Qa4 d6 7. e5 dxe5 8.
Nxe5 Bd7 9. Nxd7 Qxd7 10. Be3 Bg7 11. Rd1 Qc7 12. Be2 O-O 13. O-O Rfd8 14.
Rxd8+ Rxd8 15. Nb5 Qe5 16. Bf3 Nd5 17. Bxd5 Qxd5 18. c4 Qe4 19. Nc3 Bxc3 20.
bxc3 a6 21. Qb3 Ne5 22. Bd4 Nd3 23. Qc2 e5 24. Bb6 Rd7 25. Qa4 Nf4 26. f3 Qe2
27. Bf2 Rd2 28. Qb3 Nd3 29. Qb6 Rd1 0-1

[Event "FBL 1"]
[Site "Deutschland"]
[Date "2010.01.17"]
[Round "5.4"]
[White "Nill, Jessica"]
[Black "Klink, Tamara"]
[Result "0-1"]
[WhiteElo "2237"]
[BlackElo "2289"]
[PlyCount "100"]
[EventDate "2009.11.07"]
[EventType "team"]
[EventCountry "GER"]
[WhiteTeam "Karlsruher SF 1853"]
[BlackTeam "OSG - SG Baden-Baden 1922"]

1. d4 d5 2. c4 e6 3. Nf3 Nf6 4. Nc3 c5 5. e3 Nc6 6. dxc5 Bxc5 7. a3 a5 8. h3
O-O 9. cxd5 Nxd5 10. Bd2 e5 11. Nxd5 Qxd5 12. Bc3 Qe6 13. Qc2 Qe7 14. Rc1 Ba7
15. Bb5 Nd4 16. exd4 exd4+ 17. Qe2 Qxe2+ 18. Kxe2 dxc3 19. Rxc3 Bf5 20. Rd1
Rac8 21. Rxc8 Rxc8 22. Nd4 Bg6 23. Rd2 Kf8 24. a4 Ke7 25. Nb3 Bb6 26. Rd7+ Ke6
27. Rd2 Rc7 28. Kf3 Rc2 29. Ke2 Ke5 30. Rxc2 Bxc2 31. Nd2 Kd4 32. Nf3+ Kc5 33.
Kd2 Be4 34. Ne5 Kb4 35. f3 Bd5 36. Nd3+ Kb3 37. Nf4 Bc6 38. Bd3 Kxb2 39. Bxh7
Bxa4 40. Nd3+ Kb3 41. Bg8 Be8 42. Ne5 a4 43. Nxf7 Bxf7 44. Bxf7+ Kb2 45. f4 a3
46. h4 Bd8 47. h5 b5 48. g4 b4 49. g5 b3 50. g6 Bf6 0-1